00436nam a2200145Ia 4500008004100000041000900041082001700050100002800067245002900095260003900124300000800163650000800171999001700179952009400196230718s9999 xx 000 0 und d aEng. a34505bSED-C aSeddiquia Falshw-ud-din 0aCode of criminal Proceed aPakistanbLaw Bode Publisherc2003 a812 aLaw c28338d28338 00104070aSIRC-LbSIRC-Ld2023-07-18l0o34505 SED-Cp23290r2023-07-18w2023-07-18yBK